Movies Quiz

Random Movies or Quote Quiz
Score 0/14 Timer 06:00
1 Play Today
Opening Line Movie % Correct
Mozart! Mozart, forgive your assassin! I confess, I killed you...Amadeus
86.3%
I am Gunnery Sergeant Hartman, your senior drill instructor.Full Metal Jacket
72.6%
In 1988, the crime rate in the United States rises four hundred percent. The once-great city of New York becomes the one maximum-security prison for the entire country.Escape from New York
58.3%
Mommy's going to the beauty parlor, darling, but I'm leaving you with your favorite friend, Roger.Who Framed Roger Rabbit
45.1%
I believe in the Church of Baseball.Bull Durham
43.1%
October is inventory time, so right now, Statler Toyota is making the best deals of the year on all 1985 model Toyotas.Back to the Future
41.2%
Hi, welcome to the future. San Dimas California 2688.Bill and Ted's Excellent Adventure
34.4%
Opening Line Movie % Correct
Next subject: Kowalski, Leon. Engineer, waste disposal.Blade Runner
26.7%
The Hovitos are near. The poison is still fresh, three days. They're following us.Raiders of the Lost Ark
25.4%
Hello; my name is Marty DiBergi. I'm a filmmaker.This is Spinal Tap
15%
Isn't this great? The salty sea air, the wind blowing in your face... aaah, the perfect day to be at sea! The Little Mermaid
9%
What am I working on? Uh, I'm working on something that'll change the world and human life as we know it.The Fly
7.7%
The dream is always the same.Risky Business
5.4%
Hello? What do you look like? Talk louder, I can't hear you! Hey, hello! Hello, I can't hear you! Five. Yes. Yes. I don't know. I don't know.Poltergeist
3.4%
Remove Ads.
Support Sporcle.
Get the best of Sporcle when you Go Orange. This ad-free experience offers more features, more stats, and more fun while also helping to support Sporcle. Thank you for becoming a member.

You're not logged in!

Compare scores with friends on all Sporcle quizzes.
OR
Log In

Show Comments

Extras

Top Quizzes Today


Score Distribution

Your Account Isn't Verified!

In order to create a playlist on Sporcle, you need to verify the email address you used during registration. Go to your Sporcle Settings to finish the process.

Report this User

Report this user for behavior that violates our Community Guidelines.

Details: